Premier League Goalscorers 2024/2025: Gameweek 3 - Statistics

General Stats
  • This quiz has been taken 63 times
  • The average score is 25 of 30
Answer Stats
Fixture Club Score Goalscorer % Correct
West Ham v Manchester City Manchester City 1-0 Erling Haaland
95%
West Ham v Manchester City Manchester City 2-1 Erling Haaland
95%
West Ham v Manchester City Manchester City 3-1 Erling Haaland
95%
Arsenal v Brighton Arsenal 1-0 Kai Havertz
95%
Newcastle v Tottenham Newcastle 2-1 Alexander Isak
93%
Manchester United v Liverpool Liverpool 1-0 Luis Diaz
93%
Manchester United v Liverpool Liverpool 2-0 Luis Diaz
93%
Manchester United v Liverpool Liverpool 3-0 Mohamed Salah
93%
West Ham v Manchester City Manchester City (OG) 1-1 Ruben Dias
93%
Everton v Bournemouth Everton 2-0 Dominic Calvert-Lewin
90%
Leicester v Aston Villa Aston Villa 2-0 Jhon Duran
90%
Arsenal v Brighton Brighton 1-1 Joao Pedro
90%
Brentford v Southampton Brentford 3-0 Yoane Wissa
90%
Brentford v Southampton Brentford 1-0 Bryan Mbeumo
88%
Brentford v Southampton Brentford 2-0 Bryan Mbeumo
88%
Crystal Palace v Chelsea Crystal Palace 1-1 Eberechi Eze
88%
Crystal Palace v Chelsea Chelsea 1-0 Nicolas Jackson
88%
Newcastle v Tottenham Newcastle (OG) 1-1 Dan Burn
86%
Everton v Bournemouth Bournemouth 2-1 Antoine Semenyo
84%
Nottingham Forest v Wolves Nottingham Forest 1-0 Chris Wood
84%
Ipswich v Fulham Ipswich 1-0 Liam Delap
79%
Leicester v Aston Villa Aston Villa 1-0 Amadou Onana
78%
Newcastle v Tottenham Newcastle 1-0 Harvey Barnes
76%
Everton v Bournemouth Bournemouth 2-2 Lewis Cook
74%
Ipswich v Fulham Fulham 1-1 Adama Traore
66%
Leicester v Aston Villa Leicester 2-1 Facundo Buonanotte
66%
Everton v Bournemouth Everton 1-0 Michael Keane
64%
Everton v Bournemouth Bournemouth 3-2 Luis Sinisterra
62%
Nottingham Forest v Wolves Wolves 1-1 Jean-Ricner Bellegarde
55%
Brentford v Southampton Southampton 3-1 Yukinari Sugawara
55%
No matching quizzes found
Score Distribution
Percent of People with Each Score
Percentile by Number Answered
Your Score History
You have not taken this quiz